Confabulaciones

Guardat en:
Dades bibliogràfiques
Autor principal: Berger, John
Altres autors: Meyes, Marcos (traductor)
Format: Desconegut
Idioma:anglès
Publicat: Buenos Aires, Argentina. Interzona, 2019
Matèries:
Etiquetes: Afegir etiqueta
Sense etiquetes, Sigues el primer a etiquetar aquest registre!

MARC

LEADER 00000 a2200000 4500
003 CL-VaPUC
005 20211007124102.0
008 210510b ||||| |||| 00| 0 eng d
999 |c 432944  |d 432942 
020 |a 9789873874598 
040 |c Pontificia Universidad Católica de Valparaíso 
082 |a 824.914 BER 2019 
100 |a Berger, John  |9 860872 
245 |a Confabulaciones 
260 |a Buenos Aires, Argentina.   |b Interzona,  |c 2019 
300 |a 109 páginas  
583 |k Cristina Rojas  |c 20210511 
650 0 |a Ensayos ingleses  |9 265096 
650 0 |a Arte  |9 265238  |x Filosofía 
700 |a Meyes, Marcos  |e traductor  |9 861320 
942 |2 ddc  |c BK 
952 |0 0  |1 0  |2 ddc  |4 0  |6 824_914000000000000_BER_2019  |7 0  |8 A  |9 578042  |a BIBART  |b BIBART  |d 2021-06-07  |e 135  |g 26000.00  |i 5584132  |o 824.914 BER 2019  |p 5584132  |r 2025-03-13  |t 1  |v 26000.00  |w 2021-06-07  |y BK  |k ART